La Labor desarrollada por esta Diputación provincial en materia de carreteras y caminos vecinales
Colección:
San Jorge,
; núm. 3 (juliol 1951), pàg. 26
Materias:
Carreteres -- Barcelona (Província) -- Disseny i construcció
; Camins -- Barcelona (Província) -- Disseny i construcció
Idioma:
Español
MARC
| LEADER | 00000naa a2200000 a 4500 | ||
|---|---|---|---|
| 003 | Arxiu | ||
| 005 | 20260324181025.0 | ||
| 008 | 160829s1951 spcaxx s spa c | ||
| 040 | |a agdb | ||
| 245 | 0 | 3 | |a La Labor desarrollada por esta Diputación provincial en materia de carreteras y caminos vecinales |
| 490 | |a San Jorge, |v núm. 3 (juliol 1951), pàg. 26 | ||
| 650 | 0 | |a Carreteres |z Barcelona (Província) |x Disseny i construcció |9 42899 | |
| 650 | 0 | |a Camins |z Barcelona (Província) |x Disseny i construcció |9 28422 | |
| 773 | |t San Jorge. |g Núm. 3 (juliol 1951), pàg. 26 | ||
| 901 | |a Arxiu | ||
| 942 | |n 1 |2 udc |c ART | ||
| 952 | |0 0 |1 0 |4 0 |7 1 |9 64687 |a Arxiu |b Arxiu |d 2022-12-12 |o Rev-508 |r 2022-12-12 00:00:00 |w 2022-12-12 |y ARXIU | ||
| 999 | |c 43902 |d 43902 | ||